01016nam a2200265Ia 4500003000400000005001700004008004000021040000700061041001200068082001800080100011300098245014200211260004200353300000800395650002200403650002300425650001800448650002000466650002300486690002800509906001100537942001200548999001900560952017100579OSt20251107143157.0210210b2014 xxu||||| |||| 00| 0 eng d cAL aKannada aK894.301 KALN aKALLACHCHU MAHESH NAYAK (R)dಕಲ್ಲಚ್ಚು ಮಹೇಶ್ ನಾಯಕ್ (ಅರ್)9244714 aNannajjana birugaliya harata: katha sankalanabನನ್ನಜ್ಜನ ಬಿರುಗಾಳಿಯ ಹರತ: ಕಥಾ ಸಂಕಲನ  aBengalurubVyasa Publications.,c2014 a556 asankalana9244715 aNannajjana9244716 akatha9244717 aharata:9244718 abirugaliya9244719 aKannada Fiction9244720 a070121 2ddccBK c119586d119586 00102ddc40708KANaALbALcKannada Literatured2021-02-17eKallachchu Prakashana, Mangalur-8g390.00l0oK894.301 KALNp070121r2021-02-17 00:00:00w2021-02-17yBK